| 000 | 00408cam a22001097a 4500 | ||
|---|---|---|---|
| 008 | 180718b1987, 1986/87 xxu||||| |||| 00| 0 eng d | ||
| 082 | _aBA27x5441 P/ 1987-88 | ||
| 100 | _aGujarat.Social Welfare Department. | ||
| 245 |
_aAnnaul plan 1987-88 for the development of Scheduled Castes. _cby Social Welfare Department |
||
| 260 |
_aVadodara _bGovernment press. _c1987, 1986/87 |
||
| 500 | _aLibrary has 1988-89 | ||
| 999 |
_c504172 _d504172 |
||